Япония: переворачивая страницу (Запись № 28035)

Подробности
000 -МАРКЕР
контрольное поле 01912nam0a2200385 4500
001 - ИДЕНТИФИКАТОР ЗАПИСИ
контрольное поле RU\NLR\bibl\8931
005 - ИДЕНТИФИКАТОР ВЕРСИИ
контрольное поле 20260407055318.0
010 ## - МЕЖДУНАРОДНЫЙ СТАНДАРТНЫЙ НОМЕР КНИГИ (ISBN)
Номер (ISBN) 5-02-018021-1
Тираж 250
021 ## - НОМЕР ГОСУДАРСТВЕННОЙ РЕГИСТРАЦИИ
Код страны российская федерация
Номер 98-12190
Номер Листа государственной регистраци 575
035 ## - ДРУГИЕ СИСТЕМНЫЕ НОМЕРА
Идентификатор записи (NLR Aleph) 000008730
100 ## - ДАННЫЕ ОБЩЕЙ ОБРАБОТКИ
Данные общей обработки 19981130d1998 |||y0rusy50 ca
101 0# - ЯЗЫК РЕСУРСА
Язык текста, звукозаписи и т.д. русский
Язык резюме английский
Язык оглавления русский
-- английский
Язык главного источника информации английский
102 ## - СТРАНА ПУБЛИКАЦИИ ИЛИ ПРОИЗВОДСТВА
Страна публикации российская федерация
105 ## - ПОЛЕ КОДИРОВАННЫХ ДАННЫХ: ТЕКСТОВЫЕ МАТЕРИАЛЫ, МОНОГРАФИЧЕСКИЕ
Кодированные данные о монографическом текстовом документе y |||||||||
200 1# - ЗАГЛАВИЕ И СВЕДЕНИЯ ОБ ОТВЕТСТВЕННОСТИ
Основное заглавие Япония: переворачивая страницу
Параллельное заглавие Japan: Turning the Page
Сведения, относящиеся к заглавию [Проект]
Первые сведения об ответственности Центр по изуч. соврем. Японии и др.
Последующие сведения об ответственности [Отв. ред. В.Б. Рамзес, д.э.н.]
Язык параллельного заглавия английский
210 ## - ПУБЛИКАЦИЯ, РАСПРОСТРАНЕНИЕ И ДР.
Место издания, распространения и т.д. М.
Имя издателя, распространителя и т. д. Изд. фирма "Вост. лит." РАН
Дата издания, распространения и т.д. 1998
215 ## - ФИЗИЧЕСКАЯ ХАРАКТЕРИСТИКА
Специфическое обозначение материала и объем 202,[5] с.
Размеры 21
300 ## - ОБЩИЕ ПРИМЕЧАНИЯ
Текст примечания В надзаг также: Ин-т мир. экономики и междунар. отношений РАН, Яп. фонд
300 ## - ОБЩИЕ ПРИМЕЧАНИЯ
Текст примечания Рез. на англ. яз.
320 ## - ПРИМЕЧАНИЯ О НАЛИЧИИ В ДОКУМЕНТЕ БИБЛИОГРАФИИ / УКАЗАТЕЛЯ
Текст примечания Библиогр. в прим. в конце ст.
510 0# - ПАРАЛЛЕЛЬНОЕ ЗАГЛАВИЕ
Параллельное заглавие Japan: Turning the Page
Язык заглавия английский
607 ## - ГЕОГРАФИЧЕСКОЕ НАИМЕНОВАНИЕ КАК ПРЕДМЕТ
Географическое наименование Япония
Формальный подзаголовок Сборники
Тематический подзаголовок Народное хозяйство
Системный номер авторитетной/нормативной записи 908116
Идентификатор авторитетной/нормативной записи RU\NLR\auth\6611470
607 ## - ГЕОГРАФИЧЕСКОЕ НАИМЕНОВАНИЕ КАК ПРЕДМЕТ
Географическое наименование Япония
Формальный подзаголовок Сборники
Тематический подзаголовок История
Хронологический подзаголовок 1990-ые гг.
Системный номер авторитетной/нормативной записи 2079624
Идентификатор авторитетной/нормативной записи RU\NLR\auth\661255515
607 ## - ГЕОГРАФИЧЕСКОЕ НАИМЕНОВАНИЕ КАК ПРЕДМЕТ
Географическое наименование Япония
Формальный подзаголовок Сборники
Тематический подзаголовок Внешняя политика
Хронологический подзаголовок 1990-ые гг.
Системный номер авторитетной/нормативной записи 2081390
Идентификатор авторитетной/нормативной записи RU\NLR\auth\661257368
686 ## - ИНДЕКСЫ ДРУГИХ КЛАССИФИКАЦИЙ
Индекс У03(5Я)63я43
686 ## - ИНДЕКСЫ ДРУГИХ КЛАССИФИКАЦИЙ
Индекс Т3(5Я)63я43
702 #1 - ИМЯ ЛИЦА - ВТОРИЧНАЯ ОТВЕТСТВЕННОСТЬ
Код отношения Редактор
Материалы, к которым относится поле rus
Графика поля Кириллица
Начальный элемент ввода Рамзес
Часть имени, кроме начального элемента ввода В. Б.
Даты 1933-2008
Расширение инициалов личного имени Вадим Борисович
Идентификатор авторитетной/нормативной записи RU\NLR\auth\777657
Системный номер авторитетной/нормативной записи 117589
712 02 - НАИМЕНОВАНИЕ ОРГАНИЗАЦИИ - ВТОРИЧНАЯ ОТВЕТСТВЕННОСТЬ
Код отношения Прочие
Начальный элемент ввода Центр по изучению современной Японии
Идентифицирующий признак Москва
Идентификатор авторитетной/нормативной записи RU\NLR\AUTH\889973877
Системный номер авторитетной/нормативной записи 444521
712 02 - НАИМЕНОВАНИЕ ОРГАНИЗАЦИИ - ВТОРИЧНАЯ ОТВЕТСТВЕННОСТЬ
Код отношения Прочие
Начальный элемент ввода Японский фонд
Идентифицирующий признак Токио
Идентификатор авторитетной/нормативной записи RU\NLR\AUTH\8810025832
Системный номер авторитетной/нормативной записи 549894
801 #0 - ИСТОЧНИК ЗАПИСИ
Страна российская федерация
Организация NLR
Дата составления 19981130
Правила каталогизации PSBO
801 #1 - ИСТОЧНИК ЗАПИСИ
Страна российская федерация
Организация NLR
Дата составления 19981130
852 ## - МЕСТОНАХОЖДЕНИЕ И ШИФР ХРАНЕНИЯ
Идентификатор организации NLR
Шифр хранения (Call Number) 98-5/1253
942 ## - ДОПОЛНИТЕЛЬНЫЕ ЭЛЕМЕНТЫ ЗАПИСИ (АБИС)
Тип экземпляра АБИС Книга
980 ## - КОЛЛЕКЦИЯ
Название коллекции Национальная библиография
Экземпляры
Тип экземпляра Дата поступления Библиотека постоянного хранения Библиотека текущего хранения Место хранения Шифр хранения Штрих-код Статус не для выдачи
Книга 26.10.2013 РНБ (Московский) РНБ (Московский) Русский книжный фонд: издания с 1957 года, 8этаж 98-5/1253 8730-10